Nonlinear (Record no. 4676)

MARC details
000 -CABECERA
campo de control de longitud fija 02524cam a2200289 i 4500
001 - NÚMERO DE CONTROL
campo de control 991107477774106196
005 - FECHA Y HORA DE LA ÚLTIMA TRANSACCIÓN
campo de control 20250516115011.0
008 - DATOS DE LONGITUD FIJA--INFORMACIÓN GENERAL
campo de control de longitud fija 240627s2025 maua b 001 0 eng
010 ## - NÚMERO DE CONTROL DE LA BIBLIOTECA DEL CONGRESO
Número de control de LC 2024017259
020 ## - NÚMERO INTERNACIONAL ESTÁNDAR DEL LIBRO
Número Internacional Estándar del Libro 9780262049436
035 ## - NÚMERO DE CONTROL DEL SISTEMA
Número de control de sistema (OCoLC)1433129758
035 ## - NÚMERO DE CONTROL DEL SISTEMA
Número de control de sistema (OCoLC)on1433129758
040 ## - FUENTE DE LA CATALOGACIÓN
Centro catalogador/agencia de origen DLC
Lengua de catalogación eng
Normas de descripción rda
Centro/agencia transcriptor DLC
Centro/agencia modificador OCLCO
-- IG#
-- YDX
041 ## - CÓDIGO DE LENGUA
Código de lengua del texto/banda sonora o título independiente eng
042 ## - CÓDIGO DE AUTENTICACIÓN
Código de autenticación pcc
050 00 - SIGNATURA TOPOGRÁFICA DE LA BIBLIOTECA DEL CONGRESO
Número de clasificación NK1520
Número de documento/Ítem .B49 2025
100 ## - ENTRADA PRINCIPAL--NOMBRE DE PERSONA
Nombre de persona Bethune, Kevin G.
Término indicativo de función/relación author
9 (RLIN) 25262
245 10 - MENCIÓN DE TÍTULO
Título Nonlinear
Resto del título : navigating design with curiosity and conviction
Mención de responsabilidad, etc. / Kevin G. Bethune ; forword by John Maeda.
260 ## - PUBLICACIÓN, DISTRIBUCIÓN, ETC.
Lugar de publicación, distribución, etc. Cambridge, MA :
Nombre del editor, distribuidor, etc. The MIT Press,
Fecha de publicación, distribución, etc. 2025.
300 ## - DESCRIPCIÓN FÍSICA
Extensión xiii, 226 pages :
Otras características físicas illustrations ;
Dimensiones 21 cm.
490 ## - MENCIÓN DE SERIE
Mención de serie Simplicity
Especificación de materiales : design, technology, business, life
504 ## - NOTA DE BIBLIOGRAFÍA, ETC.
Nota de bibliografía, etc. Includes bibliographical references and index.
520 ## - SUMARIO, ETC.
Sumario, etc. In Nonlinear, Kevin Bethune shows us that we can reject trodden paths of digital or physical product creation by taking advantage of a nonlinear approach. To unlock meaningful innovation that breeds new and novel outcomes, he writes, teams need to embark on a journey into the proverbial forest of ambiguity, the result of a rapidly converging, dynamic, and exponentially changing landscape. The journey is less about getting it right or wrong, and more about using the information we have at our disposal to understand our choices and unlock new learning.<br/><br/>Nonlinear begins by taking the reader through Bethune’s professional zigs and zags. The author explains that while his interdisciplinary leaps were rare at the time he took them, these varied experiences unlocked perspectives about design and innovation that uniquely prepared him for our present moment and for the future. He then showcases the role of quantitative information to strategically frame and set boundary conditions for our creative exploration, and he highlights the role of qualitative insights to provide the substance necessary to begin crafting solutions that address unmet needs. The book also identifies accelerants (or flywheels) that will help readers as they reflect on their journey through the forest of ambiguity, with a specific emphasis on diversity, a key theme for Bethune, a Black man who has navigated new horizons. Readers will enjoy having the chance to customize the author’s perspectives and make them their own at both an individual and a team level.
650 #0 - PUNTO DE ACCESO ADICIONAL DE MATERIA--TÉRMINO DE MATERIA
Término de materia o nombre geográfico como elemento de entrada Design
Subdivisión general Social aspects
9 (RLIN) 25263
700 ## - ENTRADA AGREGADA--NOMBRE PERSONAL
Nombre de persona Maeda, John
Término indicativo de función/relación writer of foreword
9 (RLIN) 4126
942 ## - ELEMENTOS DE ENTRADA AGREGADA (KOHA)
Fuente del sistema de clasificación o colocación Clasificación de Library of Congress
Holdings
Estado de retiro Estado de pérdida Fuente del sistema de clasificación o colocación Estado dañado No para préstamo Biblioteca de origen Biblioteca actual Fecha de adquisición Total de préstamos Signatura topográfica completa Código de barras Fecha visto por última vez Fecha del último préstamo Número de copia Precio válido a partir de Tipo de ítem Koha
    Clasificación de Library of Congress     TBS Barcelona TBS Barcelona 16/05/2025 1 NK1520 BET B05776 06/05/2026 26/02/2026 1 16/05/2025 Book

Powered by Koha